000 00318nam a22001337a 4500
008 150626b xxu||||| |||| 00| 0 alb d
020 _a9992786779
041 0 _aalb
080 _a811.18 '36
100 _a24
101 _aal
245 _aGramatika e gjuhës shqipe për të gjithë :
_cBahri Beci.
942 _2udc
_cBK
999 _c1075
_d1075